ادبيات اردو /Adabiyāt-i Urdū / (Record no. 79854)
[ view plain ]
| 000 -LEADER | |
|---|---|
| fixed length control field | 00729nam a2200217 a 4500 |
| 001 - CONTROL NUMBER | |
| control field | 79854 |
| 003 - CONTROL NUMBER IDENTIFIER | |
| rucl marc code | BD-RjUL |
| 005 - DATE AND TIME OF LATEST TRANSACTION | |
| control field | 20220526120908.0 |
| 008 - FIXED-LENGTH DATA ELEMENTS--GENERAL INFORMATION | |
| fixed length control field | 220526s1955 pk 000 0 urd d |
| 035 ## - SYSTEM CONTROL NUMBER | |
| System control number | (BD-RjUL)79854 |
| 040 ## - CATALOGING SOURCE | |
| Original cataloging agency | NNL |
| Language of cataloging | ara |
| Transcribing agency | BD-RjUL |
| 041 0# - LANGUAGE CODE | |
| Language code of text/sound track or separate title | urd |
| 082 ## - DEWEY DECIMAL CLASSIFICATION NUMBER | |
| Edition number | 23 |
| Classification number | 891.43909 |
| Author mark and year | URA 1955 |
| 110 ## - MAIN ENTRY--CORPORATE NAME | |
| Corporate name or jurisdiction name as entry element | [Urdu Academy ]اردو اکادمی |
| 9 (RLIN) | 3198 |
| 245 10 - TITLE STATEMENT | |
| Title | ادبيات اردو /Adabiyāt-i Urdū / |
| Statement of responsibility, etc. | [Urdu Academy ]اردو اکادمی |
| 260 ## - PUBLICATION, DISTRIBUTION, ETC. (IMPRINT) | |
| Place of publication, distribution, etc. | کراچی : |
| Name of publisher, distributor, etc. | اردو اکادمی , |
| Date of publication, distribution, etc. | 1955. |
| 300 ## - PHYSICAL DESCRIPTION | |
| Pagination | 480 p. ; ص. |
| Size | 18 cm |
| 650 ## - SUBJECT ADDED ENTRY--TOPICAL TERM | |
| Topical term or geographic name as entry element | اردو لٹریچر -- ہستورے اینڈ کریتیکسم. |
| 9 (RLIN) | 3199 |
| Topical term or geographic name as entry element | Urdu literature |
| Form subdivision | History and criticism |
| 9 (RLIN) | 234 |
| 942 ## - ADDED ENTRY ELEMENTS (KOHA) | |
| Source of classification or shelving scheme | Dewey Decimal Classification |
| Koha item type | Books |
| Lost status | Source of classification or shelving scheme | Damaged status | Not for loan | Collection code | Permanent Location | Current Location | Shelving location | Date acquired | Source of acquisition | Full call number | Date last seen | Copy number | Koha item type | Total Checkouts |
|---|---|---|---|---|---|---|---|---|---|---|---|---|---|---|
| Dewey Decimal Classification | Not For Loan | Non-fiction | Central Library, University of Rajshahi | Central Library, University of Rajshahi | Reading Room | 08/02/1967 | feroz & sons | U 891.43909 URA 1955 | 26/05/2022 | C-1 | Books | |||
| Dewey Decimal Classification | Non-fiction | Central Library, University of Rajshahi | Central Library, University of Rajshahi | General Stacks | 08/09/2025 | U 891.43909 URA 1955 | 08/09/2025 | C-2 | Books |